| 000 | 00646cam a2200193 a 4500 | ||
|---|---|---|---|
| 001 | 000003436 | ||
| 005 | 20200929150437.0 | ||
| 008 | 800613s1986 nq b 001 f spa | ||
| 040 |
_aDO-SdBNP _bspa _cBNPHU |
||
| 082 |
_aN860.4 _bA679p, 1986 |
||
| 100 | 1 |
_aArellano, Jorge Eduardo, _d1946- _910715 |
|
| 245 | 1 | 0 |
_aPanorama de la literatura nicaragüense / _cJorge Eduardo Arellano. |
| 250 | _a5a ed. | ||
| 260 |
_aManagua : _bNueva Nicaragua, _c1986. |
||
| 300 |
_a197 p. ; _c19 cm. |
||
| 440 | 0 |
_aBiblioteca popular Sandinista ; _v14 _910716 |
|
| 504 | _aBibliografía: p. 161-166. | ||
| 650 | 4 |
_aLiteratura nicaragüense _xHistoria y crítica _910717 |
|
| 999 |
_c3266 _d3266 |
||